000 00570nam a22001937a 4500
005 20250724142826.0
010 _aENG-146119
020 _a9789395474030
_c2495.00
035 _aEN-129651
037 _bDBAD
082 _a954.31
_21
100 _aBeasley, Faith E.
_983289
245 _aVersailles Meets the Taj Mahal/
_cFaith E. Beasley
250 _a1
260 _aNew Delhi
_bSanctum Books
_c2025
270 _a68 Medical Association Road, Darya Ganj
_bNew Delhi
_e110002
300 _a349p.
_c22cm(hb)
_bIndex
942 _cEN
_h954.31
_2ddc
_mBEA
999 _c212569
_d212569